Anales Parlamentarios / (Record no. 73048)

MARC details
000 -LEADER
campo de control de longitud fija 00892nas a2200253 i 4500
001 - NÚMERO DE CONTROL
campo de control 73048
003 - IDENTIFICADOR DE NÚMERO DE CONTROL
campo de control ES-MaACL
005 - FECHA Y HORA DE LA ÚLTIMA TRANSACCIÓN
campo de control 20250808230406.0
007 - CAMPO FIJO DE DESCRIPCIÓN FÍSICA--INFORMACIÓN GENERAL
campo de control de longitud fija t|
008 - DATOS DE LONGITUD FIJA--INFORMACIÓN GENERAL
campo de control de longitud fija 040906d19101918sp | |0010||pa d
022 ## - NÚMERO INTERNACIONAL NORMALIZADO PARA PUBLICACIONES SERIADAS
Número Internacional Normalizado para Publicaciones Seriadas 2481-7058
100 1# - ENTRADA PRINCIPAL--NOMBRE DE PERSONA
Nombre de persona Gómez Bardají, Julio.
9 (RLIN) 57827
245 10 - MENCIÓN DEL TÍTULO
Título Anales Parlamentarios /
Mención de responsabilidad, etc. por Julio y Joaquín Gómez Bardají y José Ortíz de Burgos.
260 ## - PUBLICACIÓN, DISTRIBUCIÓN, ETC.
Lugar de publicación, distribución, etc. Madrid :
Nombre del editor, distribuidor, etc. Valentín Tordesillas,
Fecha de publicación, distribución, etc. 1910-1918.
300 ## - DESCRIPCIÓN FÍSICA
Extensión 3 v. ;
Dimensiones 22 cm.
310 ## - PERIODICIDAD ACTUAL
Periodicidad actual Irregular
362 0# - FECHAS DE PUBLICACIÓN Y/O DESIGNACIÓN SECUENCIAL
Fecha de publicación y/o designación secuencial Cortes 1907, 1. Legislatura 1907/1908-Cortes 1914, Legislaturas 1914/1915 y 1915/1916.
650 #4 - PUNTO DE ACCESO ADICIONAL DE MATERIA--TÉRMINO DE MATERIA
Término de materia o nombre geográfico como elemento de entrada Derecho constitucional-
Subdivisión geográfica España
9 (RLIN) 11682
700 1# - ENTRADA AGREGADA--NOMBRE PERSONAL
Nombre de persona Gómez Bardají, Joaquín.
9 (RLIN) 57826
700 1# - ENTRADA AGREGADA--NOMBRE PERSONAL
Nombre de persona Ortiz de Burgos, José.
9 (RLIN) 87589
852 ## - LOCALIZACIÓN
Ubicación ES-MaACL
Número de control de estantería C-2933-5
866 #0 - MENCIÓN TEXTUAL DE FONDOS--UNIDAD BIBLIOGRÁFICA BÁSICA
Fondos Cortes de 1907 a 1910 : primera y segunda legislatura
Holdings
Estatus retirado Estado de pérdida Estado de daño No para préstamo Colección Biblioteca de origen Biblioteca actual Ubicación en estantería Fecha de adquisición Fuente de adquisición Total de préstamos Signatura topográfica completa Código de barras Visto por última vez Precio de reemplazo Tipo de ítem Koha
        Periódicos y Revistas Biblioteca del Ateneo de Madrid Biblioteca del Ateneo de Madrid Sala Palomar 17/01/2008     C-2933-5 1076466 23/02/2023 23/02/2023 Revista